000 00803cam a2200301 4500
008 090401t1989 xxu||||| |||| 00| 0 eng d
020 _a0854064362
035 _a(Sirsi) u49619
041 _aeng
050 _a333.339
090 _aRICS 1989/99ABC
110 _aRoyal Institution of Chartered Surveyors
_94900
245 _aAccess to mineral resources in Great Britain: the current position.
260 _aLondon
_bRICS
_c1989
300 _a34p. ; 30cm.
350 _a0
520 _aProduced by the Minerals Division.
650 _aCOAL INDUSTRY
650 _aGREAT BRITAIN
650 _aIRELAND
650 _aMINERAL RESOURCES
650 _aMINERALS DIVISION
650 _aMINERALS
650 _aMINING
690 _aMINING AND MINERALS
942 _n0
948 _c04/03/1997
999 _c92583
_d92583